Kỹ thuật nhiệt

Trình bày hai phần chính nhiệt động kỹ thuật và truyền nhiệt: Phần nhiệt động kỹ thuật giới thiệu những khái niệm cơ bản về nhiệt động kỹ thuật, về môi chất, cách xác định trạng thái, các quá trình nhiệt động của môi chất, chu trình...

ver descrição completa

Na minha lista:
Detalhes bibliográficos
Autor principal: Bùi, Hải
Formato: Livro
Idioma:Undetermined
Publicado em: Hà Nội Khoa học và Kỹ thuật 2006
Assuntos:
Tags: Adicionar Tag
Sem tags, seja o primeiro a adicionar uma tag!
Thư viện lưu trữ: Trung tâm Học liệu Trường Đại học Cần Thơ
LEADER 01168nam a2200229Ia 4500
001 CTU_114120
008 210402s9999 xx 000 0 und d
020 |c 33000 
082 |a 621.402 
082 |b H103 
100 |a Bùi, Hải 
245 0 |a Kỹ thuật nhiệt 
245 0 |c Bùi Hải, Trần Thế Sơn 
260 |a Hà Nội 
260 |b Khoa học và Kỹ thuật 
260 |c 2006 
520 |a Trình bày hai phần chính nhiệt động kỹ thuật và truyền nhiệt: Phần nhiệt động kỹ thuật giới thiệu những khái niệm cơ bản về nhiệt động kỹ thuật, về môi chất, cách xác định trạng thái, các quá trình nhiệt động của môi chất, chu trình nhiệt động; phần truyền nhiệt đề cập đến vấn đề dẫn nhiệt, trao đổi nhiệt đối lưu. 
526 |a Nhiệt động lực học và truyền nhiệt 
526 |b CN139 
650 |a Heat engineering 
904 |i Bằng 
980 |a Trung tâm Học liệu Trường Đại học Cần Thơ